Quiz Cultura Generale - Quiz n°99 - Statistics

Statistiche generali
  • Questo quiz è stato fatto 152 volte
  • Il punteggio medio è 10 su 15
Statistiche sulle risposte
Domanda Risposta % Corretto
Qual è la banconota in Euro di colore rosso? 10 €
97%
Di quale regione italiana è originario il condimento del pesto? Liguria
92%
Quanti kg sono presenti in 200 000 decigrammi? 20
88%
Chi ha condotto il Festival di Sanremo dal 2020 al 2024? Amadeus
85%
In quale nazione si trova la Foresta Nera? Germania
82%
Qual è il nome del grosso insaccato originario di Bologna, composto di carne di suino cotto e triturata finemente? Mortadella
76%
Qual è la città svizzera con più abitanti? Zurigo
76%
A quale evangelista è attribuita la stesura degli Atti degli Apostoli? Luca
67%
Qual è il tipo Pokémon di Charmender? Fuoco
66%
Di che colore è la stella della bandiera del Myanmar? Bianca
62%
Chi è stato presidente degli Stati Uniti dal 1969 al 1974? Richard Nixon
51%
In quale organo si trovano i nefroni? Rene
35%
Quale festività religiosa coincide con l'inizio della Quaresima? Mercoledì delle ceneri
33%
Chi è stato l'ultimo calciatore italiano a segnare un gol alla fase a eliminazione diretta dei Mondiali di calcio? Marco Materazzi
25%
In quale parte del corpo troviamo il muscolo Gastrocnemio? Gamba
24%
Nessun quiz corrispondente trovato
Distribuzione punteggi
Percentuale di utenti per punteggio
Percentile per numero di risposta
I tuoi punteggi nel tempo
Non hai fatto questo quiz